| 000 | 03305cam a22004574a 4500 | ||
|---|---|---|---|
| 001 | 14497303 | ||
| 005 | 20080815093403.0 | ||
| 007 | co ugu|||||||| | ||
| 008 | 060810s2008 paua b 001 0 eng | ||
| 010 | _a2006026472 | ||
| 016 | 7 |
_a101284835 _2DNLM |
|
| 020 | _a0781781574 (alk. paper) | ||
| 020 | _a9780781781572 (alk. paper) | ||
| 020 | _a9780781776028 (CD) | ||
| 020 | _a0781776023 (CD) | ||
| 035 | _a(OCoLC)ocm70929244 | ||
| 035 |
_a(OCoLC)70929244 _z(OCoLC)84725224 |
||
| 040 |
_aDNLM/DLC _cDLC _dNLM _dBAKER _dC#P _dYDXCP _dYDX _dOCLCQ _dBTCTA _dVAM _dDLC |
||
| 042 | _apcc | ||
| 050 | 0 | 0 |
_aRT41 _b.T396 2008 |
| 060 | 0 | 0 | _a2007 B-377 |
| 060 | 1 | 0 |
_aWY 100 _bF9805 2008 |
| 082 | 0 | 0 |
_a610.73 _222 _bFUN |
| 245 | 0 | 0 |
_aFundamentals of Nursing : _bThe Art and Science of Nursing Care / _cCarol R. Taylor ... [et al.]. |
| 250 | _a6th ed. | ||
| 260 |
_aPhiladelphia : _bLippincott Williams & Wilkins, _cc2008. |
||
| 300 |
_a1 v. (various pagings) : _bcol. ill. ; _c29 cm. + _e1 CD-ROM (4 3/4 in.) |
||
| 500 | _aRev. ed. of: Fundamentals of nursing / Carol Taylor, Carol Lillis, Priscilla LeMone. 5th ed. c2005. | ||
| 504 | _aIncludes bibliographical references and index. | ||
| 505 | 0 | _aIntroduction to nursing -- Health of the individual, family, and community -- Cultural diversity -- Health illness -- Theory, research, and evidence-based practice -- Values, ethics, and advocacy -- Legal implications of nursing -- Healthcare delivery systems -- Continuity of care -- Home healthcare -- Blended skills and critical thinking throughout the nursing process -- Assessing -- Diagnosing -- Outcome identification and planning -- Implementing -- Evaluating -- Documenting, reporting, and conferring -- Developmental concepts -- Conception through young adult -- The aging adult -- Communicator -- Teacher and counselor -- Leader and manager -- Vital signs -- Health assessment -- Safety, security, and emergency preparedness -- Asepsis and infection control -- Complementary and alternative therapies -- Medications -- Perioperative nursing -- Self-concept -- Stress and adaptation -- Loss, grief, and dying -- Sensory stimulation -- Sexuality -- Spirituality -- Hygiene -- Skin integrity and wound care -- Activity -- Rest and sleep -- Comfort -- Nutrition -- Urinary elimination -- Bowel Elimination -- Oxygenation -- Fluid, electrolyte, and acid-base balance. | |
| 650 | 0 |
_aNursing. _920476 |
|
| 650 | 1 | 2 |
_aNursing Care. _920477 |
| 650 | 2 | 2 |
_aNursing Process. _920478 |
| 700 | 1 |
_aTaylor, Carol, _cCSFN. _920479 |
|
| 856 | 4 | 1 |
_3Table of contents only _uhttp://www.loc.gov/catdir/toc/ecip0619/2006026472.html |
| 856 | 4 | 2 |
_3Publisher description _uhttp://www.loc.gov/catdir/enhancements/fy0714/2006026472-d.html |
| 942 |
_2ddc _cNRB |
||
| 999 |
_c14776 _d14776 |
||